| 000 | 00508nam a2200169 4500 | ||
|---|---|---|---|
| 008 | 0 1997 0a 000 0ESP | ||
| 020 | _a84-89660-12-3 | ||
| 050 | _aTS155 H37318 1997 | ||
| 082 | _a658.5 H465d | ||
| 100 | _aHeizer, Jay | ||
| 245 | _aDirección de la producción : desiciones estratégicas / Jay Heizer, Render Barry | ||
| 250 | _a4 | ||
| 260 | _aEspaña : Prentice Hall | ||
| 300 | _axiv, 576 p. / 26 cm. | ||
| 650 | _a1.ADMINISTRACION DE LA PRODUCCION | ||
| 700 | _aRender, Barry | ||
| 999 |
_c15472 _d15472 |
||